Aprender a formar niños lectores y escritores: talleres de formación docente

Guardado en:
Detalles Bibliográficos
Autor principal: Inostroza de Celis, Gloria (Autor)
Formato: Libro
Lenguaje:español
Publicado: Santiago Unesco 2002
Santiago Dolmen 2002
Colección:Dolmen Pedagogía
Materias:
Etiquetas: Agregar Etiqueta
Sin Etiquetas, Sea el primero en etiquetar este registro!

MARC

LEADER 00000nam a2200000 a 4500
001 UCL7175
003 CL-VaPUC
008 040507e20020000cl |||||||||||||||||spa|d
020 |a 9562012700 
082 0 4 |a 372.6  |b INO  |2 21 
100 |a Inostroza de Celis, Gloria  |e author  |9 543397 
245 1 0 |a Aprender a formar niños lectores y escritores: talleres de formación docente 
300 |a 296 p 
942 |c BK 
945 |d 20040507 00:00:00  |a cmena 
260 |a Santiago  |b Unesco  |c 2002 
260 |a Santiago  |b Dolmen  |c 2002 
650 0 |a Lectura  |9 307634 
650 0 |a Escritura  |9 264941 
650 0 |a Enseñanza de la lectura  |9 308364 
650 0 |a Enseñanza de la escritura  |9 307377 
650 0 |a Métodos de enseñanza  |9 270413 
650 0 |a Formación profesional de profesores  |9 307493 
583 |a last modification  |c 20171220 10:36:59  |k Rodrigo Vera 
490 0 |a Dolmen Pedagogía 
999 |c 309028  |d 309026 
952 |0 0  |1 0  |4 0  |6 372_600000000000000_INO_2002_2002  |7 0  |8 R  |9 376100  |a BIBEDU  |b BIBEDU  |c MCIRC  |d 2019-11-21  |i 401622K  |o 372.6 INO 2002 2002  |p 401622K  |r 2023-01-13  |w 2019-11-21  |y BK_R  |k EBA 
952 |0 0  |1 0  |4 0  |6 372_600000000000000_INO_2002_2002  |7 0  |8 R  |9 376101  |a BIBEDU  |b BIBEDU  |c MCIRC  |d 2019-11-21  |i 4016238  |o 372.6 INO 2002 2002  |p 4016238  |r 2023-01-13  |w 2019-11-21  |y BK_R  |k EBA